| 000 | 00706 a2200181 4500 | ||
|---|---|---|---|
| 020 | _a0471203823 | ||
| 040 |
_aDLC _bDLC |
||
| 082 | 0 | 0 | _a658.1/1 |
| 100 | 1 | _aKaplan, Jack M. | |
| 245 | 1 | 0 |
_aPatterns of entrepreneurship _cJack M. Kaplan. |
| 260 |
_aHoboken, NJ : _bJohn Wiley & Sons, Inc., _cc2003. |
||
| 300 |
_axv, 464 p. : _bill. ; _c25 cm. |
||
| 650 | 0 | _aEntrepreneurship. | |
| 856 | 4 | 2 |
_3Contributor biographical information _uhttp://www.loc.gov/catdir/bios/wiley044/2002032389.html |
| 856 | 4 | 2 |
_3Publisher description _uhttp://www.loc.gov/catdir/description/wiley037/2002032389.html |
| 856 | 4 | 2 |
_3Table of contents _uhttp://www.loc.gov/catdir/toc/wiley031/2002032389.html |
| 942 |
_cBK _k658.421 KAP _2ddc |
||
| 999 |
_c8750 _d8750 |
||